书目信息 |
| 题名: |
全丽江吃喝玩乐情报书
|
|
| 作者: | ;玩乐疯编辑部 编著 | |
| 分册: | ||
| 出版信息: | 北京 中国铁道出版社 2013.07 |
|
| 页数: | 191页 | |
| 开本: | 21cm | |
| 丛书名: | 亲历者 | |
| 单 册: | ||
| 中图分类: | K928.974.2 | |
| 科图分类: | ||
| 主题词: | 旅游指南--丽江 , 旅游指南 | |
| 电子资源: | ||
| ISBN: | 978-7-113-16680-9 | |
| 000 | 01008oam2 2200313 450 | |
| 001 | 012013298678 | |
| 005 | 20140610164459.31 | |
| 010 | @a978-7-113-16680-9@dCNY36.80 | |
| 100 | @a20130730d2013 em y0chiy0110 ea | |
| 101 | 0 | @achi |
| 102 | @aCN@b110000 | |
| 105 | @aa z 000yy | |
| 106 | @ar | |
| 200 | 1 | @a全丽江吃喝玩乐情报书@9quan li jiang chi he wan le qing bao shu@e最新畅销版@f《玩乐疯》编辑部编著 |
| 205 | @a2版 | |
| 210 | @a北京@c中国铁道出版社@d2013.07 | |
| 215 | @a191页@c图@d21cm | |
| 225 | 2 | @a亲历者 |
| 225 | 2 | @a旅游书架 |
| 330 | @a本书从饕餮族的丽江美食经、闪玩族的丽江旅游情报、情调族的丽江娱乐记,再到淘宝族的丽江扫货情报和小住族的丽江休闲情报,吃喝玩乐购住一应俱全。 | |
| 333 | @a旅游爱好者 | |
| 461 | 0 | @12001 @a亲历者 |
| 461 | 0 | @12001 @a旅游书架 |
| 606 | 0 | @a旅游指南@y丽江 |
| 606 | 0 | @a旅游指南 |
| 690 | @aK928.974.2@v5 | |
| 711 | 02 | @a玩乐疯编辑部@9wan le feng bian ji bu@4编著 |
| 801 | 0 | @aCN@b人天书店@c20130730 |
| 905 | @b845466-68@dK928.974.2@e768=2@f3 | |
| 全丽江吃喝玩乐情报书:最新畅销版/《玩乐疯》编辑部编著.-2版.-北京:中国铁道出版社,2013.07 |
| 191页:图;21cm.-(亲历者).-(旅游书架) |
| 使用对象:旅游爱好者 |
| ISBN 978-7-113-16680-9:CNY36.80 |
| 本书从饕餮族的丽江美食经、闪玩族的丽江旅游情报、情调族的丽江娱乐记,再到淘宝族的丽江扫货情报和小住族的丽江休闲情报,吃喝玩乐购住一应俱全。 |
| ● |
| 相关链接 |
|
|
|
|
正题名:全丽江吃喝玩乐情报书
索取号:K928.974.2/768=2
 
预约/预借
| 序号 | 登录号 | 条形码 | 馆藏地/架位号 | 状态 | 备注 |
| 1 | 845466 | 208454661 | 第二样本阅览室/ [索取号:K928.974.2/768=2] | 在馆 | |
| 2 | 845467 | 208454670 | 第二借阅区/ [索取号:K928.974.2/768=2] | 在馆 | |
| 3 | 845468 | 208454689 | 第二借阅区/ [索取号:K928.974.2/768=2] | 在馆 |